Historia de Chile

Uloženo v:
Podrobná bibliografie
Hlavní autor: Villalobos Rivera, Sergio (Autor)
Médium: Kniha
Jazyk:španělština
Vydáno: Santiago Universitaria 1992
Edice:Colección Imágen de Chile
Témata:
Tagy: Přidat tag
Žádné tagy, Buďte první, kdo vytvoří štítek k tomuto záznamu!

MARC

LEADER 00000nam a2200000 a 4500
001 UCX8769
003 CL-VaPUC
008 940426e19920000CL |||||||||||||||||spa|d
082 0 4 |a 983  |b VIL  |2 21 
100 0 |a Villalobos Rivera, Sergio  |e author  |9 325964 
245 1 0 |a Historia de Chile 
300 |a 869 p 
942 |c BK 
945 |d 19940426 00:00:00  |a oaravena 
260 |a Santiago  |b Universitaria  |c 1992 
650 0 |a Historia  |9 255047 
651 7 |a CHILE  |2 CL-VaPUC  |9 325965 
583 |a last modification  |c 19940426 00:00:00  |k Rodrigo Vera 
490 0 |a Colección Imágen de Chile 
999 |c 228173  |d 228171 
952 |0 0  |1 0  |4 0  |6 983_000000000000000_VIL_1992  |7 0  |8 A  |9 227934  |a BIBEDU  |b BIBEDU  |d 2019-11-15  |i 2972808  |o 983 VIL 1992  |p 2972808  |r 2019-11-15  |w 2019-11-15  |y BK  |k EDU